Music Quiz

Random Music or Kpop Quiz
Score 0/137 Timer 20:00
0 Plays Today
% Correct
Suga
89.8%
Jin
89.6%
RM
89.4%
Jimin
88.8%
Jungkook
88.6%
V
88.3%
Sehun
88.1%
Mark
87.9%
G-Dragon
87.7%
Jinyoung
87.7%
BamBam
87.7%
Chanyeol
87.5%
Jackson
87.5%
Xiumin
87.3%
Suho
87.1%
J-Hope
87.1%
Chen
86.9%
Kai
86.9%
D.O
86.7%
Lay
86.6%
Yugyeom
86%
Baekhyun
85.8%
JB
85.6%
Mark
85.2%
T.O.P
85%
Taemin
84.7%
Youngjae
84.5%
Bobby
84.1%
Jonghyun
83.7%
Vernon
82.8%
Taeyong
82.8%
Minho
82.8%
Ten
82.6%
Taeyang
82.6%
Johnny
82.4%
Onew
82.4%
Lucas
82.2%
Woozi
82%
Key
82%
Wonho
81.6%
I.M
81.4%
Jisung
80.9%
Shownu
80.9%
Heechul
80.9%
Seungri
80.7%
Eunwoo
80.5%
% Correct
Daniel
80.3%
S.Coups
80.1%
Yuta
79.5%
Hoshi
79.4%
Jaehyun
79.4%
Daesung
79.4%
Jooheon
79.4%
Winwin
79.2%
Haechan
79.2%
Hyungwon
79%
B.I
78.6%
Mino
78.6%
Jun
78.4%
DK
78.2%
Moonbin
78.2%
Kihyun
78.2%
Chenle
78%
The8
77.8%
Sanha
77.7%
Minhyuk
77.7%
Joshua
77.3%
JinJin
77.1%
Jaemin
76.9%
Taeil
76.7%
Doyoung
76.5%
Seungkwan
76.3%
Chan
76.3%
Renjun
76.3%
Jeonghan
76.1%
MJ
76.1%
Rocky
76.1%
Jeno
75.6%
Mingyu
75.2%
Kun
75.2%
Jungwoo
75.2%
Peniel
75.2%
June
74.4%
Ravi
74.4%
Donghae
74.1%
Leeteuk
73.3%
Wonwoo
73.1%
Shindong
73.1%
Leo
72.7%
Siwon
72.5%
N
71.6%
Sungjae
69.9%
% Correct
Yesung
69.9%
Jay
69.7%
Chanwoo
69.7%
Ren
69.1%
Ken
67.4%
Daehwi
66.9%
Jinu
66.5%
Eunhyuk
66.3%
DK
65.5%
Song
65.3%
Minhyun
65.2%
JR
65%
Hyuk
63.8%
Minhyuk
62.3%
Baekho
61.7%
Jisung
61.4%
Hoony
61.2%
Guanlin
61%
Woojin
60.6%
Kyuhyun
60.6%
Hongbin
60.6%
Seongwoo
60.4%
Ryeowook
60.4%
Jihoon
60.2%
Aron
60.2%
Changmin
59.8%
Yoon
59.7%
Eunkwang
58.7%
Ilhoon
58.3%
Jinyoung
57.6%
Changsub
57.2%
Hyunsik
56.4%
Yunho
55.5%
Sungwoon
53.6%
Jaehwan
53.6%
Kangin
49.8%
Yoseob
49.2%
Sungmin
47.5%
Kikwang
45.3%
Jaejoong
41.7%
Doojoon
36.9%
Dongwoon
34.8%
Junsu
33.9%
Junhyung
33%
Yoochun
30.1%
Remove Ads.
Support Sporcle.
Get the best of Sporcle when you Go Orange. This ad-free experience offers more features, more stats, and more fun while also helping to support Sporcle. Thank you for becoming a member.

You're not logged in!

Compare scores with friends on all Sporcle quizzes.
OR
Log In

Show Comments

Extras

Top Quizzes Today


Score Distribution

Your Account Isn't Verified!

In order to create a playlist on Sporcle, you need to verify the email address you used during registration. Go to your Sporcle Settings to finish the process.

Report this User

Report this user for behavior that violates our Community Guidelines.

Details: